<?xml version="1.0" encoding="UTF-8"?>
<record
    xmlns:xsi="http://www.w3.org/2001/XMLSchema-instance"
    xsi:schemaLocation="http://www.loc.gov/MARC21/slim http://www.loc.gov/standards/marcxml/schema/MARC21slim.xsd"
    xmlns="http://www.loc.gov/MARC21/slim">

  <leader>01308nam a22002297a 4500</leader>
  <controlfield tag="001">5533</controlfield>
  <controlfield tag="003">FISKH</controlfield>
  <controlfield tag="005">20241217090230.0</controlfield>
  <controlfield tag="008">241217b        cb ||||| |||| 00| 0 eng d</controlfield>
  <datafield tag="020" ind1=" " ind2=" ">
    <subfield code="a">9782070149933</subfield>
  </datafield>
  <datafield tag="040" ind1=" " ind2=" ">
    <subfield code="a">FISKH</subfield>
    <subfield code="b">Fre</subfield>
    <subfield code="c">FISKH</subfield>
    <subfield code="d">FISKH</subfield>
  </datafield>
  <datafield tag="050" ind1=" " ind2=" ">
    <subfield code="a">PQ3989.S2455</subfield>
  </datafield>
  <datafield tag="082" ind1=" " ind2=" ">
    <subfield code="a">843.92</subfield>
  </datafield>
  <datafield tag="100" ind1=" " ind2=" ">
    <subfield code="a">Sansal, Boualem </subfield>
  </datafield>
  <datafield tag="245" ind1=" " ind2=" ">
    <subfield code="a">2084 : la fin du monde / </subfield>
    <subfield code="c">Boualem Sansal</subfield>
  </datafield>
  <datafield tag="260" ind1=" " ind2=" ">
    <subfield code="a">Paris : </subfield>
    <subfield code="b">Gallimard, </subfield>
    <subfield code="c">2015.</subfield>
  </datafield>
  <datafield tag="300" ind1=" " ind2=" ">
    <subfield code="a">273 pages : </subfield>
    <subfield code="c">21 cm </subfield>
  </datafield>
  <datafield tag="520" ind1=" " ind2=" ">
    <subfield code="a">L'Abistan, immense empire, tire son nom du proph&#xE8;te Abi, "d&#xE9;l&#xE9;gu&#xE9;" de Y&#xF6;lah sur terre. Son syst&#xE8;me est fond&#xE9; sur l'amn&#xE9;sie et la soumission au dieu unique. Toute pens&#xE9;e personnelle est bannie, un syst&#xE8;me de surveillance omnipr&#xE9;sent permet de conna&#xEE;tre les id&#xE9;es et les actes d&#xE9;viants. Le peuple unanime vit dans le bonheur de la foi sans questions. Mais un homme, Ati, met en doute les certitudes impos&#xE9;es. Il se lance dans une enqu&#xEA;te sur un peuple de ren&#xE9;gats qui vit dans des ghettos, sans le recours de la religion. Au fil d'un r&#xE9;cit plein d'inventions cocasses ou inqui&#xE9;tantes, Boualem Sansal s'inscrit dans la filiation d'Orwell pour brocarder les d&#xE9;rives et l'hypocrisie du radicalisme religieux.</subfield>
  </datafield>
  <datafield tag="650" ind1=" " ind2=" ">
    <subfield code="a">Algerian literature </subfield>
    <subfield code="v">Totalitarianism </subfield>
  </datafield>
  <datafield tag="942" ind1=" " ind2=" ">
    <subfield code="2">ddc</subfield>
    <subfield code="c">BK</subfield>
    <subfield code="n">0</subfield>
  </datafield>
  <datafield tag="999" ind1=" " ind2=" ">
    <subfield code="c">5533</subfield>
    <subfield code="d">5533</subfield>
  </datafield>
  <datafield tag="952" ind1=" " ind2=" ">
    <subfield code="0">0</subfield>
    <subfield code="1">0</subfield>
    <subfield code="2">ddc</subfield>
    <subfield code="4">0</subfield>
    <subfield code="7">0</subfield>
    <subfield code="8">FIC</subfield>
    <subfield code="a">001</subfield>
    <subfield code="b">001</subfield>
    <subfield code="c">SBS</subfield>
    <subfield code="d">2024-12-17</subfield>
    <subfield code="l">0</subfield>
    <subfield code="o">SAN 843.92 PQ3989.S2455 </subfield>
    <subfield code="p">2024-2457</subfield>
    <subfield code="r">2024-12-17 09:02:27</subfield>
    <subfield code="w">2024-12-17</subfield>
    <subfield code="y">BK</subfield>
  </datafield>
</record>
